00458nam a2200157Ia 4500003000400000008004100004040001600045082001700061100002100078245009100099260005300190300001000243650001400253650001600267650001700283GCL140319s9999 xx 000 0 eng d aGCL / cGCL04a338.961bV N1 aVANDEWALLE, DIRK10aNORTH AFRICA: DEVELOPMENT AND REFORM IN A CHANGING GLOBAL ECONOMY / cVANDEWALLE, DIRK a[S.N] : bMACMILLAM PUBLISHING COMPANY ، c1996 a286 P04aECONOMICS04aDEVELOPMENT04aNORTH AFRICA